| Tag |
First Indicator |
Second Indicator |
Subfields |
| LEADER |
00000cam a2200000Ia 4500 |
| 001 |
in00002497913 |
| 005 |
20151111051505.0 |
| 008 |
090405s2009 nyu b 001 0 eng d |
| 020 |
|
|
|a 9781607411079
|
| 020 |
|
|
|a 1607411075
|
| 035 |
|
|
|a (OCoLC)ocn317928287
|
| 035 |
|
|
|a (OCoLC)317928287
|
| 040 |
|
|
|a BTCTA
|c BTCTA
|d YDXCP
|d TXA
|d UtOrBLW
|
| 043 |
|
|
|a n-us---
|
| 049 |
|
|
|a TXAM
|
| 090 |
|
|
|a LB1044.87
|b .E94 2009
|
| 245 |
0 |
0 |
|a Evaluating online learning :
|b challenges and strategies for success /
|c Arthur T. Weston, editor.
|
| 264 |
|
1 |
|a New York :
|b Nova Science,
|c [2009]
|
| 264 |
|
4 |
|c ©2009
|
| 300 |
|
|
|a vi, 120 pages ;
|c 24 cm.
|
| 336 |
|
|
|a text
|b txt
|2 rdacontent
|
| 337 |
|
|
|a unmediated
|b n
|2 rdamedia
|
| 338 |
|
|
|a volume
|b nc
|2 rdacarrier
|
| 490 |
1 |
|
|a Education in a competitive and globalizing world series
|
| 504 |
|
|
|a Includes bibliographical references and index.
|
| 650 |
|
0 |
|a Internet in education
|z United States.
|
| 700 |
1 |
|
|a Weston, Arthur T.
|
| 830 |
|
0 |
|a Education in a competitive and globalizing world series.
|
| 938 |
|
|
|a Baker and Taylor
|b BTCP
|n BK0008295170
|
| 938 |
|
|
|a YBP Library Services
|b YANK
|n 3006492
|
| 945 |
|
|
|a PromptCat
|b 769159
|
| 946 |
|
|
|a stk
|
| 947 |
|
|
|a A14840126649
|
| 994 |
|
|
|a C0
|b TXA
|
| 948 |
|
|
|a cataloged
|b h
|c 2009/8/31
|d c
|e nbehmer
|f 3:46:01 pm
|
| 999 |
|
|
|a MARS
|
| 999 |
f |
f |
|s 12532a3b-2378-33d2-bed9-13c7bd23b74d
|i 43ec1c63-eca1-352f-8914-33bb3162310a
|t 0
|
| 952 |
f |
f |
|p normal
|a Texas A&M University
|b College Station
|c Sterling C. Evans Library
|d Evans: Library Stacks
|t 0
|e LB1044.87 .E94 2009
|h Library of Congress classification
|i unmediated -- volume
|m A14840126649
|
| 998 |
f |
f |
|a LB1044.87 .E94 2009
|t 0
|l Evans: Library Stacks
|